LEADER 01150nam a2200277 i 4500 001 000000224477 003 CaOOAMICUS 005 20131031000000.0 008 131031s1999 it u000 u ita u 013 $a203375 020 $a88-15-07257-8 040 $aSeMil$bita 245 10$aTracce di comunità :$btemi derivati da un concetto ingombrante /$cArnaldo Bagnasco. 260 $aBologna :$bIl Mulino,$c1999. 300 $a179 p. ;$c21 cm. 490 0 $aIntersezioni ;$v195 650 4$aSociologia.$0(OLS)http://semarc/subject/3570 650 4$aSocietà - Sociologia.$0(OLS)http://semarc/subject/12932 650 4$aComunità - Teorie.$0(OLS)http://semarc/subject/11432 830 0$aIntersezioni ;$v195.$0(OLS)http://semarc/title/6889 850 $aSeMil 852 $aSeMil$W1$xVenegono$y1$m3N II 690$j174823$B174823$CSeMilBibl$Z2$F186247 $81 961 $aOmaggio: Bressan don Luca 996 $6020$a88-15-07257-8$9(OLS)http://semarc/number/224992 996 $6245$aTracce di comunità :$btemi derivati da un concetto ingombrante$9(OLS)http://semarc/title/321725 996 $6260$aBologna :$bIl Mulino$9(OLS)http://semarc/publisher/29842 LEADER 01225nam a2200265 i 4500 001 000000062648 003 CaOOAMICUS 005 20190308122709.0 008 130314s1987 it u000 u ita u 013 $a33820 040 $aSeMil$bita 245 13$aLa dottrina mariologica di Giovanni Duns Scoto /$ca cura di Roberto Zavalloni e Eliodoro Mariani. 260 $aRoma :$bAntonianum,$c1987. 300 $a255 p., [1] p. di tav. ;$c24 cm. 490 0 $aSpicilegium Pontificii Athenaei Antoniani ;$v28 650 4$aMariologia - Studi.$0(OLS)http://semarc/subject/1438 650 4$aDuns Scoto, Giovanni <1265-1308> - Atti di congressi.$0(OLS)http://semarc/subject/48208 700 1 $aMariani, Eliodoro .$0(OLS)http://semarc/name/90109 700 1 $aZavalloni, Roberto .$0(OLS)http://semarc/name/90551 830 0$aSpicilegium Pontificii Athenaei Antoniani ;$v28.$0(OLS)http://semarc/title/10818 850 $aSeMil 852 $aSeMil$W1$xVenegono$y1$m2L IV 201$j28801$B28801$CSeMilBibl$Z2$F28804 $81 996 $6245$aLa dottrina mariologica di Giovanni Duns Scoto$9(OLS)http://semarc/title/98671 996 $6260$aRoma :$bAntonianum$9(OLS)http://semarc/publisher/32214